[Event "44th Rilton Cup 2014-15"]
[Site "Stockholm SWE"]
[Date "2014.12.27"]
[Round "1.23"]
[White "Gajic, Mladen"]
[Black "Sjodahl, Pontus"]
[Result "1/2-1/2"]
[BlackTitle "IM"]
[WhiteElo "2210"]
[BlackElo "2421"]
[WhiteFideId "1709178"]
[BlackFideId "1700537"]
[EventDate "2014.12.27"]

1. d4 Nf6 2. Bg5 g6 3. Bxf6 exf6 4. e3 Bg7 5. g3 c6 6. Bg2 d6 7. Ne2 Nd7 8. c4
f5 9. Nbc3 Nf6 10. O-O O-O 11. b4 Re8 12. Qd3 Qe7 13. a4 Ne4 14. a5 h5 15. b5 a6
16. bxc6 bxc6 17. Na4 h4 18. Rab1 Bh6 19. Nb6 Ra7 20. Nxc8 Rxc8 21. Rb6 Kh7 22.
Rfb1 hxg3 23. Nxg3 d5 24. c5 f4 25. exf4 f5 26. Re1 Bxf4 27. f3 Qh4 28. fxe4
dxe4 29. Qc3 Qg5 30. Nf1 Qf6 31. Reb1 Rcc7 32. Qh3+ Bh6 33. R1b4 Rd7 34. Qb3
Rxd4 35. Rb8 Rg7 36. R4b7 Rd5 37. Kh1 Rd8 38. Rxg7+ Bxg7 39. Rxd8 Qxd8 40. Qe6
Qd4 41. Qxc6 Qf2 42. Qb7 Kh6 43. Qb4 Bd4 44. Qd2+ Qxd2 45. Nxd2 e3 46. Nf3 Bxc5
47. Bf1 Bb4 48. Bxa6 1/2-1/2

[Event "44th Rilton Cup 2014-15"]
[Site "Stockholm SWE"]
[Date "2014.12.27"]
[Round "1.24"]
[White "Turova, Irina"]
[Black "Szente Varga, Fruzsina"]
[Result "1-0"]
[WhiteTitle "IM"]
[WhiteElo "2421"]
[BlackElo "2202"]
[WhiteFideId "4120876"]
[BlackFideId "712264"]
[EventDate "2014.12.27"]

1. d4 Nf6 2. c4 g6 3. Nc3 Bg7 4. e4 d6 5. f4 O-O 6. Nf3 c5 7. d5 e6 8. dxe6 Bxe6
9. Bd3 Re8 10. O-O Bg4 11. h3 Bxf3 12. Qxf3 Nc6 13. Be3 a6 14. Rad1 Nd7 15. Kh1
Nd4 16. Qf2 Rb8 17. a3 b5 18. cxb5 axb5 19. b4 Qc8 20. Nd5 Nb6 21. Nxb6 Rxb6 22.
e5 dxe5 23. bxc5 Rb7 24. fxe5 Nc6 25. Bxb5 Rxe5 26. Ba6 Qa8 27. Bxb7 Qxb7 28.
Qf3 h5 29. Rd5 Re7 30. Rd6 Qb3 31. Bg5 Qxf3 32. gxf3 Rc7 33. Bf6 Bf8 34. Rd5 Rc8
35. Rb1 Ne7 36. Bxe7 Bxe7 37. a4 Bd8 38. c6 Bh4 39. Rc1 Kf8 40. c7 Ke7 41. a5
Bf2 42. a6 h4 43. Kg2 Ba7 44. Rb5 Kd7 45. Rb7 Be3 46. Rc4 g5 47. a7 1-0

[Event "44th Rilton Cup 2014-15"]
[Site "Stockholm SWE"]
[Date "2014.12.27"]
[Round "1.25"]
[White "Thompson, Ian D"]
[Black "Bellia, Fabrizio"]
[Result "0-1"]
[WhiteTitle "FM"]
[BlackTitle "IM"]
[WhiteElo "2195"]
[BlackElo "2420"]
[WhiteFideId "405205"]
[BlackFideId "800511"]
[EventDate "2014.12.27"]

1. c4 e5 2. g3 Nf6 3. Bg2 d5 4. cxd5 Nxd5 5. Nf3 Nc6 6. O-O Nb6 7. d3 Be7 8.
Nbd2 O-O 9. a3 Be6 10. b4 a5 11. b5 Nd4 12. a4 Nxf3+ 13. Nxf3 f6 14. Bb2 Qd7 15.
e3 Rfd8 16. d4 e4 17. Nd2 f5 18. f3 Nc4 19. Nxc4 Bxc4 20. Rf2 Bg5 21. f4 Bf6 22.
Bc3 c5 23. bxc6 bxc6 24. Bf1 Bxf1 25. Qxf1 Qf7 26. Bb2 Rdb8 27. Qc1 Ra6 28. Rc2
h5 29. Ba3 h4 30. Rxc6 Rxc6 31. Qxc6 Qg6 32. Qc4+ Kh8 33. Kf2 Qh5 34. g4 fxg4
35. Qc5 g3+ 36. hxg3 Qf3+ 37. Kg1 Qxe3+ 38. Kf1 Qd3+ 39. Ke1 Qxg3+ 40. Kd1 Qg4+ 0-1

[Event "44th Rilton Cup 2014-15"]
[Site "Stockholm SWE"]
[Date "2014.12.27"]
[Round "1.26"]
[White "Vandenbussche, Thibaut"]
[Black "Orndahl, Markus"]
[Result "1-0"]
[WhiteTitle "FM"]
[WhiteElo "2418"]
[BlackElo "2188"]
[WhiteFideId "204412"]
[BlackFideId "1709135"]
[EventDate "2014.12.27"]

1. e4 c5 2. Nf3 d6 3. d4 cxd4 4. Nxd4 Nf6 5. Nc3 g6 6. g3 Bg7 7. Bg2 O-O 8. O-O
a6 9. Re1 Nbd7 10. Bg5 h6 11. Be3 Qc7 12. a4 Rb8 13. h3 Ne5 14. Nde2 b6 15. b3
Bb7 16. Qd2 Kh7 17. Nd5 Nxd5 18. exd5 Nd7 19. Bd4 Nf6 20. Nf4 g5 21. Ne2 e5 22.
Be3 g4 23. c4 gxh3 24. Bxh3 Bc8 25. Qc2+ Kg8 26. Bf5 Bxf5 27. Qxf5 Qc8 28. Qxc8
Rfxc8 29. Nc3 Ng4 30. Ne4 Rd8 31. Bd2 f5 32. f3 fxe4 33. fxg4 Rf8 34. Rxe4 Rf3
35. Be3 Rbf8 36. Kg2 Kh7 37. b4 a5 38. b5 Rxe3 39. Rxe3 Rc8 40. Rc1 Kg6 41. Kf3
Bf6 42. Rcc3 Bg5 43. Re1 Rf8+ 44. Ke4 Rf7 45. Re2 Rf1 46. c5 bxc5 47. b6 Rf7 48.
Rb2 Rb7 49. Rcc2 Kg7 50. Rb5 Bd8 51. Rcb2 c4 52. Rc2 Bxb6 53. Rxc4 1-0

[Event "44th Rilton Cup 2014-15"]
[Site "Stockholm SWE"]
[Date "2014.12.27"]
[Round "1.27"]
[White "Norlin, Egor"]
[Black "Habu, Yoshiharu"]
[Result "1-0"]
[BlackTitle "FM"]
[WhiteElo "2186"]
[BlackElo "2415"]
[WhiteFideId "1713973"]
[BlackFideId "7000537"]
[EventDate "2014.12.27"]

1. d4 d5 2. c4 c6 3. Nc3 Nf6 4. e3 e6 5. Nf3 Nbd7 6. Bd3 dxc4 7. Bxc4 b5 8. Bd3
Bd6 9. O-O O-O 10. Qe2 Bb7 11. Rd1 Qc7 12. Bd2 a6 13. a4 e5 14. dxe5 Nxe5 15.
Nxe5 Bxe5 16. h3 Rfe8 17. Rac1 b4 18. Na2 a5 19. Be1 c5 20. Bb5 Re7 21. b3 Ne4
22. Rc2 f5 23. Qc4+ Kh8 24. f3 Nd6 25. Qxc5 Nxb5 26. axb5 Qxc5 27. Rxc5 h6 28.
Kf2 Bc7 29. Rxf5 Bb6 30. Kf1 Bxe3 31. Bf2 Bxf2 32. Kxf2 Kh7 33. Rd2 Rc7 34. b6
Rc6 35. Rf7 Rxb6 36. Rdd7 Bc6 37. Rxg7+ Kh8 38. Rh7+ Kg8 39. Rdg7+ Kf8 40. Rf7+
Ke8 41. Rf6 a4 42. bxa4 Rxa4 43. Nc1 Rb7 44. Rh8+ Kd7 45. Rfxh6 1-0

[Event "44th Rilton Cup 2014-15"]
[Site "Stockholm SWE"]
[Date "2014.12.27"]
[Round "1.28"]
[White "Westerberg, Jonathan"]
[Black "Ask, Josef"]
[Result "1-0"]
[WhiteTitle "IM"]
[WhiteElo "2411"]
[BlackElo "2181"]
[WhiteFideId "1701754"]
[BlackFideId "1704583"]
[EventDate "2014.12.27"]

1. e4 e5 2. Nf3 Nc6 3. Bc4 Nf6 4. d4 exd4 5. e5 d5 6. Bb5 Ne4 7. Nxd4 Bd7 8.
Bxc6 bxc6 9. O-O Be7 10. f3 Nc5 11. f4 O-O 12. f5 Ne4 13. Nc3 c5 14. Nb3 c4 15.
Nxe4 dxe4 16. Nd4 Bc5 17. Kh1 Re8 18. Bf4 Ba4 19. Be3 Rxe5 20. b3 Rd5 21. c3
cxb3 22. axb3 Bd7 23. Qg4 Qe7 24. b4 Bb6 25. Rad1 g6 26. Qg3 Bxd4 27. fxg6 Be5
28. gxf7+ Kh8 29. Rxd5 1-0

[Event "44th Rilton Cup 2014-15"]
[Site "Stockholm SWE"]
[Date "2014.12.27"]
[Round "1.29"]
[White "Rahul Kumar, Pune"]
[Black "Wallace, John Paul"]
[Result "1/2-1/2"]
[BlackTitle "IM"]
[WhiteElo "2169"]
[BlackElo "2404"]
[WhiteFideId "5010969"]
[BlackFideId "3200957"]
[EventDate "2014.12.27"]

1. e4 c5 2. Nf3 e6 3. c3 Nf6 4. e5 Nd5 5. g3 Nc6 6. Bg2 Qc7 7. Qe2 d6 8. exd6
Bxd6 9. Na3 a6 10. Nc4 O-O 11. O-O Rd8 12. d3 Bf8 13. Rd1 f6 14. Ne3 b5 15. d4
c4 16. Nh4 Qf7 17. f4 Nce7 18. Re1 Rb8 19. a4 Bd7 20. axb5 axb5 21. Bh3 Nc8 22.
Bd2 g6 23. Ra6 Ndb6 24. Nc2 Re8 25. Nf3 Bc6 26. Raa1 Na4 27. Rab1 Nd6 28. Bc1
Be4 29. Ra1 Qb7 30. Nh4 Bg7 31. Bg2 Bxg2 32. Qxg2 Qxg2+ 33. Kxg2 Kf7 34. Nf3 h6
35. g4 Ra8 36. Nb4 Bf8 37. Nc2 g5 38. fxg5 hxg5 39. Ne3 Nb6 40. Rxa8 Rxa8 41.
Rf1 Kg7 42. Nc2 Nd5 43. Re1 Nc7 44. h4 gxh4 45. Kh3 Nf7 46. Kxh4 Bd6 47. Kh3
Rh8+ 48. Kg2 Kg6 49. Ne3 Ng5 50. Nf1 Nxf3 51. Kxf3 Rh3+ 52. Kf2 e5 53. Be3 Nd5
54. Kg2 Rh4 55. Kg3 Rh7 56. Kf3 Rh1 57. Kg2 Rh8 58. Kf3 Nxe3 59. Nxe3 exd4 60.
cxd4 Ra8 61. Nd5 Kf7 62. Re2 Ra1 63. Ke4 Rg1 64. Ne3 Ke6 65. Kf3 Kd7 66. Ke4 Ke6
67. Kf3 Kd7 68. Ke4 1/2-1/2

[Event "44th Rilton Cup 2014-15"]
[Site "Stockholm SWE"]
[Date "2014.12.27"]
[Round "1.30"]
[White "Martynov, Pavel2"]
[Black "Mikalsen, Erlend"]
[Result "1-0"]
[WhiteTitle "FM"]
[WhiteElo "2400"]
[BlackElo "2164"]
[WhiteFideId "4122186"]
[BlackFideId "1507338"]
[EventDate "2014.12.27"]

1. d4 Nf6 2. c4 e6 3. Nc3 Bb4 4. Qc2 O-O 5. Nf3 d6 6. e4 e5 7. a3 Bxc3+ 8. bxc3
exd4 9. cxd4 Nxe4 10. Qxe4 Re8 11. Ne5 dxe5 12. dxe5 Nc6 13. f4 f6 14. Bd3 g6
15. c5 Bf5 16. Qc4+ Be6 17. Qc3 fxe5 18. Bb2 Qd4 19. Qxd4 exd4 20. O-O Rad8 21.
Rad1 Bb3 22. Rd2 Re3 23. Bb5 d3 24. Kf2 Re4 25. Kf3 Rxf4+ 26. Kxf4 Rf8+ 27. Kg3
Rxf1 28. Rxd3 Be6 29. Re3 Rb1 30. Rxe6 Rxb2 31. Bxc6 bxc6 32. Rxc6 Rb3+ 33. Kf4
Rxa3 34. Rxc7 Ra2 35. c6 a5 36. Ra7 1-0

[Event "44th Rilton Cup 2014-15"]
[Site "Stockholm SWE"]
[Date "2014.12.27"]
[Round "1.31"]
[White "Naslund, Mikael"]
[Black "Johansson, Linus"]
[Result "0-1"]
[WhiteTitle "FM"]
[BlackTitle "FM"]
[WhiteElo "2150"]
[BlackElo "2391"]
[WhiteFideId "1708260"]
[BlackFideId "1711113"]
[EventDate "2014.12.27"]

1. d4 e6 2. c4 Nf6 3. Nc3 Bb4 4. e3 O-O 5. Bd3 d5 6. Nf3 c5 7. O-O dxc4 8. Bxc4
Nbd7 9. a3 Bxc3 10. bxc3 b6 11. Qe2 Bb7 12. Bb2 Qc7 13. Rac1 Rac8 14. h3 e5 15.
Ba2 c4 16. Nd2 b5 17. f4 exd4 18. cxd4 Ne4 19. Nxe4 Bxe4 20. Rfd1 Nb6 21. Bc3
Nd5 22. Qd2 Rfe8 23. Re1 Qd6 24. Qb2 Qg6 25. Qf2 h5 26. g3 Qd6 27. Qb2 Qd7 28.
Kh2 Bf5 29. Bd2 a6 30. a4 Bd3 31. Qa3 Qb7 32. axb5 axb5 33. Bb1 b4 34. Qa5 Bxb1
35. Rxb1 c3 36. Bxc3 Nxc3 37. Rxb4 Qf3 38. Rb2 Nd1 39. Qf5 Nxb2 0-1

[Event "44th Rilton Cup 2014-15"]
[Site "Stockholm SWE"]
[Date "2014.12.27"]
[Round "1.32"]
[White "Bellon Lopez, Juan Manuel"]
[Black "Jonsson, Emil"]
[Result "1-0"]
[WhiteTitle "GM"]
[WhiteElo "2381"]
[BlackElo "2132"]
[WhiteFideId "2200031"]
[BlackFideId "1712268"]
[EventDate "2014.12.27"]

1. d4 f5 2. g3 g6 3. Bg2 Nf6 4. Nf3 Bg7 5. O-O O-O 6. c4 d6 7. Nc3 Qe8 8. Re1
Qf7 9. b3 Ne4 10. Qc2 c5 11. e3 Nc6 12. Bb2 cxd4 13. exd4 Nxd4 14. Nxd4 Bxd4 15.
Nxe4 Bxb2 16. Qxb2 fxe4 17. Rxe4 Bf5 18. Re3 e5 19. Rae1 Rfe8 20. Qa3 Qc7 21.
Bd5+ Be6 22. Rd1 Qb6 23. Red3 Bxd5 24. Rxd5 Rf8 25. R1d2 Rad8 26. Rxd6 Rxd6 27.
Qxd6 Qxd6 28. Rxd6 Rf7 29. Re6 Rd7 30. Rxe5 Kf7 31. Re2 Kf6 32. f4 h5 33. Kg2
Rd3 34. Kh3 a6 35. Re8 Rd2 36. Rf8+ Ke6 37. Rb8 Rxa2 38. Rxb7 a5 39. Rb6+ Kf7
40. Ra6 Ra3 41. Kh4 Rxb3 42. Rxa5 Rb2 43. h3 Rc2 44. Kg5 Rc3 45. Ra7+ Kf8 46.
Kxg6 Rxg3+ 47. Kxh5 Rxh3+ 48. Kg6 Rc3 49. Rc7 Rf3 50. f5 Rc3 51. c5 Rc2 52. c6
Rc1 53. Rc8+ Ke7 54. f6+ Ke6 55. Re8+ 1-0

[Event "44th Rilton Cup 2014-15"]
[Site "Stockholm SWE"]
[Date "2014.12.27"]
[Round "1.33"]
[White "Evertsson, Lennart"]
[Black "Hedman, Erik"]
[Result "0-1"]
[BlackTitle "FM"]
[WhiteElo "2130"]
[BlackElo "2375"]
[WhiteFideId "1705156"]
[BlackFideId "1702351"]
[EventDate "2014.12.27"]

1. c4 c5 2. Nf3 Nc6 3. Nc3 g6 4. d4 cxd4 5. Nxd4 Bg7 6. Nc2 Bxc3+ 7. bxc3 Qa5 8.
Qd2 Nf6 9. f3 d6 10. e4 O-O 11. Ne3 b6 12. Rb1 Ba6 13. Be2 Qc5 14. O-O Na5 15.
Rb4 Rac8 16. Kh1 Qe5 17. Bd3 Rc5 18. Qe2 Rfc8 19. f4 Qe6 20. Nd5 Bxc4 21. f5
gxf5 22. Nxf6+ Qxf6 23. exf5 Bxd3 24. Rg4+ Kh8 25. Qxd3 Rxc3 26. Qd2 Rc2 27. Qe3
Qa1 0-1

[Event "44th Rilton Cup 2014-15"]
[Site "Stockholm SWE"]
[Date "2014.12.27"]
[Round "1.34"]
[White "Jere, Daniel"]
[Black "Vistisen, Lars"]
[Result "1-0"]
[WhiteTitle "IM"]
[WhiteElo "2370"]
[BlackElo "2129"]
[WhiteFideId "8700249"]
[BlackFideId "1404598"]
[EventDate "2014.12.27"]

1. c4 e5 2. g3 Nf6 3. Bg2 d6 4. Nc3 Be7 5. Nf3 Nbd7 6. O-O c6 7. d3 Nf8 8. b4
Ng6 9. b5 Bd7 10. a4 a5 11. bxa6 Rxa6 12. Rb1 Qc7 13. Qb3 Bc8 14. Ba3 O-O 15.
Rfc1 Re8 16. Nd2 Nd7 17. e3 Nc5 18. Qc2 Bf5 19. Nde4 Rea8 20. Bxc5 dxc5 21. Rb3
Rd8 22. Rcb1 Bc8 23. Nd2 f5 24. R3b2 Qd6 25. Bf1 Bf6 26. Nb3 Nf8 27. Qc1 Qe7 28.
Rd2 Ne6 29. Bg2 Qf7 30. a5 Be7 31. Na4 Bf8 32. Qc3 Qc7 33. Rdb2 Bd7 34. Nb6 Be8
35. Nd2 Ra7 36. Nf3 Bd6 37. Bh3 g6 38. g4 fxg4 39. Bxg4 Bf7 40. Rb3 Rf8 41. Nd2
Nd4 42. exd4 exd4 43. Qc2 Bxh2+ 44. Kg2 h5 45. Bh3 g5 46. Rh1 Bf4 47. Ne4 g4 48.
Bxg4 hxg4 49. Nd7 Rd8 50. Qe2 Be6 51. Nef6+ Kf7 52. Rh7+ Kg6 53. Qxe6 1-0

[Event "44th Rilton Cup 2014-15"]
[Site "Stockholm SWE"]
[Date "2014.12.27"]
[Round "1.35"]
[White "Lindbergh, Theodor"]
[Black "Lokander, Martin"]
[Result "0-1"]
[BlackTitle "FM"]
[WhiteElo "2128"]
[BlackElo "2365"]
[WhiteFideId "1716956"]
[BlackFideId "1709569"]
[EventDate "2014.12.27"]

1. d4 Nf6 2. c4 g6 3. g3 Bg7 4. Bg2 O-O 5. Nc3 c5 6. d5 d6 7. Nf3 e6 8. O-O exd5
9. cxd5 a6 10. a4 Re8 11. a5 Nbd7 12. Ra2 Ng4 13. Nd2 Nge5 14. h3 f5 15. f4 Nf7
16. Nc4 Nf6 17. Qc2 h5 18. Bd2 h4 19. g4 fxg4 20. Qxg6 gxh3 21. Bf3 Nh6 22. e4
Kh8 23. f5 Rg8 24. Kh1 Bf8 25. Rg1 Rxg6 26. Rxg6 Nxf5 27. exf5 Bxf5 28. Rg5 Bh7
29. Ra1 Bh6 30. Re1 Qf8 31. Re6 Bxg5 32. Bxg5 Ne4 0-1

[Event "44th Rilton Cup 2014-15"]
[Site "Stockholm SWE"]
[Date "2014.12.27"]
[Round "1.36"]
[White "Sagit, Rauan"]
[Black "Haug, Johannes"]
[Result "1/2-1/2"]
[WhiteTitle "FM"]
[WhiteElo "2357"]
[BlackElo "2121"]
[WhiteFideId "1708376"]
[BlackFideId "1509268"]
[EventDate "2014.12.27"]

1. e4 e6 2. d4 d5 3. Nc3 Nf6 4. Bg5 Be7 5. e5 Nfd7 6. h4 h6 7. Qh5 a6 8. O-O-O
g6 9. Bxe7 Qxe7 10. Qg4 h5 11. Qg3 c5 12. f4 cxd4 13. Nce2 Nc6 14. Nxd4 Nc5 15.
Qe3 Nxd4 16. Rxd4 Bd7 17. Nf3 Bc6 18. Bd3 O-O-O 19. Rd1 Kb8 20. Kb1 Rd7 21. g3
Rc8 22. c3 Ba4 23. Rc1 Rdc7 24. Nd2 Qe8 25. Be2 Bb5 26. Bd1 Nd7 27. a4 Bc6 28.
b3 Nc5 29. Bc2 Bd7 30. Kb2 a5 31. Nb1 Na6 32. Rdd1 Qe7 33. Bd3 Nc5 34. Bc2 Na6
35. Qd4 Qc5 36. Qxc5 Nxc5 37. Rd4 b6 38. Rcd1 Rb7 39. Nd2 Rbc7 40. Nb1 Rb7 41.
Nd2 Rbc7 42. Nf3 Be8 43. Ng5 Kb7 44. Re1 b5 45. axb5 Bxb5 46. Re3 Kb6 47. Nf3
Ra7 48. Re1 a4 49. bxa4 Bxa4 50. Rb4+ Kc7 51. Ra1 Rca8 52. Nd4 Bd7 53. Rxa7+
Rxa7 54. Nf3 Na6 55. Rd4 Rb7+ 56. Kc1 Kd8 57. c4 dxc4 58. Rxc4 Rc7 59. Rd4 Ke7
60. Kd2 Bc6 61. Ng5 Rd7 62. Rxd7+ Bxd7 63. Ke3 Nb4 64. Bd1 Bc8 65. Kd4 Bb7 66.
g4 hxg4 67. Bxg4 Nc2+ 68. Kc5 Ne1 69. h5 gxh5 70. Bxh5 Nd3+ 71. Kb6 Bd5 72. Bxf7 1/2-1/2

[Event "44th Rilton Cup 2014-15"]
[Site "Stockholm SWE"]
[Date "2014.12.27"]
[Round "1.37"]
[White "Kassani, Sam"]
[Black "Luukkonen, Tommi"]
[Result "0-1"]
[BlackTitle "FM"]
[WhiteElo "2086"]
[BlackElo "2334"]
[WhiteFideId "1709089"]
[BlackFideId "501808"]
[EventDate "2014.12.27"]

1. Nf3 Nf6 2. d4 g6 3. Bf4 Bg7 4. e3 O-O 5. Be2 d6 6. O-O b6 7. c4 Nh5 8. Bg5 h6
9. Bh4 g5 10. Nfd2 Nf4 11. exf4 gxh4 12. Bf3 c6 13. Nb3 a5 14. Nc3 Ba6 15. Be2
a4 16. Nxa4 d5 17. Nd2 dxc4 18. Nf3 Qc7 19. Qd2 Rd8 20. Qb4 Nd7 21. Ne5 c5 22.
Qa3 Nxe5 23. dxe5 Bb7 24. b3 Rd2 25. Bg4 Rd3 26. Qc1 Qc6 27. f3 cxb3 28. axb3
Rxb3 29. Qd1 c4 30. Bd7 Qc7 31. Rc1 b5 32. Qxb3 Qxd7 33. Rfd1 Qc6 34. Qb4 h3 35.
Nc3 Qb6+ 36. Kf1 Qe3 37. Qb2 Qxf4 38. Nd5 Qxh2 39. Nxe7+ Kh8 40. Qf2 Ra2 41.
Rd8+ Kh7 0-1

[Event "44th Rilton Cup 2014-15"]
[Site "Stockholm SWE"]
[Date "2014.12.27"]
[Round "1.38"]
[White "Lindgren, Philip"]
[Black "Cafaro, Luca"]
[Result "1-0"]
[WhiteTitle "FM"]
[WhiteElo "2332"]
[BlackElo "2054"]
[WhiteFideId "1713230"]
[BlackFideId "859818"]
[EventDate "2014.12.27"]

1. c4 e5 2. g3 c6 3. d4 exd4 4. Qxd4 d5 5. Nf3 Nf6 6. Nc3 Be6 7. cxd5 cxd5 8.
Bg2 Nc6 9. Qa4 Bc5 10. O-O O-O 11. Bg5 h6 12. Bxf6 Qxf6 13. Qb5 Bb6 14. Na4 Nd4
15. Nxd4 Bxd4 16. e3 a6 17. Qb4 Be5 18. f4 Bb8 19. Nb6 Ra7 20. f5 Bxf5 21. Nxd5
Qe6 22. Ne7+ 1-0

[Event "44th Rilton Cup 2014-15"]
[Site "Stockholm SWE"]
[Date "2014.12.27"]
[Round "1.39"]
[White "Liedbeck, Patrik"]
[Black "Couso, Luis"]
[Result "0-1"]
[BlackTitle "FM"]
[WhiteElo "2016"]
[BlackElo "2328"]
[WhiteFideId "1718975"]
[BlackFideId "1702920"]
[EventDate "2014.12.27"]

1. e4 c5 2. Nf3 d6 3. d4 cxd4 4. Nxd4 Nf6 5. Nc3 a6 6. Be3 e6 7. Qf3 Qc7 8. g4
b5 9. a3 Bb7 10. g5 Nfd7 11. Bd3 Nc5 12. O-O Nbd7 13. Qe2 g6 14. f4 h6 15. f5
gxf5 16. Qh5 Rg8 17. exf5 Nf6 18. Qh3 e5 19. Nb3 d5 20. Rfe1 O-O-O 21. Bd2 d4
22. Nd1 e4 23. Ba5 Rxg5+ 24. Kf1 Qf4+ 25. Nf2 e3 0-1

[Event "44th Rilton Cup 2014-15"]
[Site "Stockholm SWE"]
[Date "2014.12.27"]
[Round "1.40"]
[White "Furhoff, Johan"]
[Black "Bit-Narva, David"]
[Result "1-0"]
[WhiteTitle "IM"]
[WhiteElo "2321"]
[BlackElo "1996"]
[WhiteFideId "1701797"]
[BlackFideId "24128856"]
[EventDate "2014.12.27"]

1. e4 g6 2. d4 Bg7 3. Nc3 d6 4. f4 a6 5. Nf3 b5 6. Bd3 e6 7. O-O Ne7 8. Be3 O-O
9. Bf2 Nd7 10. Bh4 c5 11. e5 d5 12. Qe1 cxd4 13. Ne2 Nc5 14. Nexd4 Bb7 15. Rd1
Qd7 16. Bf6 Nc6 17. Qh4 Rfc8 18. Bxg7 Kxg7 19. f5 exf5 20. Qf6+ Kg8 21. Bxf5 Qe7
22. Bxc8 Qxf6 23. exf6 Rxc8 24. Nxc6 Bxc6 25. Ne5 Bb7 26. c3 Re8 27. Nd3 Nxd3
28. Rxd3 Re2 29. Rd4 Rxb2 30. Re1 h6 31. Re8+ Kh7 32. Re7 Bc6 33. Rxf7+ Kg8 34.
Rc7 1-0

[Event "44th Rilton Cup 2014-15"]
[Site "Stockholm SWE"]
[Date "2014.12.27"]
[Round "1.41"]
[White "Berglind, Axel"]
[Black "Percivaldi, Martin"]
[Result "1/2-1/2"]
[BlackTitle "FM"]
[WhiteElo "1972"]
[BlackElo "2319"]
[WhiteFideId "1720228"]
[BlackFideId "1508148"]
[EventDate "2014.12.27"]

1. c4 e5 2. Nc3 Nf6 3. Nf3 Nc6 4. e3 Bb4 5. Nd5 e4 6. Nxb4 Nxb4 7. Nd4 c5 8. Nf5
d5 9. Nxg7+ Kf8 10. a3 Nd3+ 11. Bxd3 exd3 12. b4 Kxg7 13. Bb2 h5 14. Qf3 Rh6 15.
cxd5 Bg4 16. Qf4 Qxd5 17. e4 Re8 18. f3 Bd7 19. Kf2 Qe6 20. h3 Rg6 21. g4 Kg8
22. gxh5 Nxh5 23. Qh4 Ng7 24. Rag1 cxb4 25. Rxg6 fxg6 26. Qh6 Qf7 27. Rg1 Re6
28. axb4 Ra6 29. h4 Rf6 30. Bxf6 Qxf6 31. Rxg6 Qd4+ 32. Kg2 Be8 33. Rg3 Qd7 34.
Qf6 Qf7 35. Qe5 Kh7 36. Kf2 Bd7 37. Qd5 Be6 38. Qxd3 Qf4 39. Qd8 b6 40. Rg2 Bh3
41. Qg5 Qf7 42. Rg3 Bd7 43. h5 Nxh5 44. Rg1 Ng7 45. Rh1+ Kg8 46. Qh6 Qc4 47. Qd6
Be8 48. Rg1 Qf7 49. Qe5 Kf8 50. Rg4 Ne6 51. Qd6+ Qe7 52. Qxe7+ Kxe7 53. Rg1 a5
54. bxa5 bxa5 55. Ke3 Nc5 56. d4 Nb3 57. Rg2 a4 58. f4 Bb5 59. Rg7+ Kd6 60. f5
Na1 61. Rg2 Bc4 62. e5+ Kd7 63. Rg7+ Kc6 64. f6 Nc2+ 65. Kd2 Nxd4 66. Kc3 Nf3
67. Kxc4 Nxe5+ 68. Kd4 Kd6 69. f7 Nd7 70. Rg1 Ke7 71. Rf1 a3 72. Kc3 a2 73. Kb2
Kf8 74. Kxa2 Ne5 1/2-1/2

[Event "44th Rilton Cup 2014-15"]
[Site "Stockholm SWE"]
[Date "2014.12.27"]
[Round "1.42"]
[White "Cederstam Barsk, Carl"]
[Black "Svorono, Gabriel"]
[Result "1-0"]
[WhiteTitle "FM"]
[WhiteElo "2317"]
[BlackElo "1884"]
[WhiteFideId "1713329"]
[BlackFideId "1715623"]
[EventDate "2014.12.27"]

1. d4 Nf6 2. c4 e6 3. Nf3 Bb4+ 4. Nbd2 c5 5. a3 Bxd2+ 6. Qxd2 Ne4 7. Qe3 f5 8.
dxc5 a5 9. Nd2 Nxd2 10. Bxd2 a4 11. Bc3 O-O 12. f4 Nc6 13. g3 Na5 14. Bg2 Qe7
15. Bb4 Nc6 16. O-O Re8 17. Qd3 Qf6 18. Rab1 Qd4+ 19. Kh1 Qxd3 20. exd3 Nxb4 21.
axb4 a3 22. Ra1 a2 23. Rf2 Kf7 24. b3 1-0

[Event "44th Rilton Cup 2014-15"]
[Site "Stockholm SWE"]
[Date "2014.12.28"]
[Round "2.1"]
[White "Smirin, Ilia"]
[Black "Westerberg, Jonathan"]
[Result "1/2-1/2"]
[WhiteTitle "GM"]
[BlackTitle "IM"]
[WhiteElo "2644"]
[BlackElo "2411"]
[WhiteFideId "2801990"]
[BlackFideId "1701754"]
[EventDate "2014.12.27"]

1. c4 e5 2. Nc3 Nc6 3. g3 f5 4. Bg2 Nf6 5. d3 Bb4 6. Nf3 Bxc3+ 7. bxc3 d6 8. O-O
O-O 9. Bg5 h6 10. Bxf6 Qxf6 11. Nd2 Rb8 12. Rb1 Bd7 13. Qa4 e4 14. Qa3 Qg5 15.
Rb2 e3 16. f4 Qe7 17. Nb3 b6 18. Na1 Na5 19. Nc2 c5 20. Rf3 g5 21. Nxe3 Bc6 22.
Nd5 Bxd5 23. cxd5 g4 24. Rf2 Qe3 25. Rc2 Rbe8 26. c4 Re7 27. Qc3 Kf7 28. Kf1
Rfe8 29. Qd2 Qxd2 30. Rxd2 Re3 31. Rc2 h5 32. Rc3 R8e7 33. Ke1 Ke8 34. Kd2 Kd7
35. Rc1 Kc7 36. Rb1 1/2-1/2

[Event "44th Rilton Cup 2014-15"]
[Site "Stockholm SWE"]
[Date "2014.12.28"]
[Round "2.2"]
[White "Johansson, Linus"]
[Black "Hammer, Jon Ludvig"]
[Result "0-1"]
[WhiteTitle "FM"]
[BlackTitle "GM"]
[WhiteElo "2391"]
[BlackElo "2640"]
[WhiteFideId "1711113"]
[BlackFideId "1503707"]
[EventDate "2014.12.27"]

1. d4 Nf6 2. c4 e6 3. Nc3 Bb4 4. e3 O-O 5. Bd3 d5 6. Nf3 b6 7. O-O Ba6 8. cxd5
exd5 9. Bxa6 Nxa6 10. Qd3 Qc8 11. Bd2 Re8 12. Rac1 Qb7 13. a3 Bf8 14. b4 c5 15.
bxc5 bxc5 16. Rb1 Qc8 17. dxc5 Nxc5 18. Qc2 Nce4 19. a4 Qc4 20. Qb3 Rab8 21.
Qxc4 dxc4 22. Rbc1 Rb2 23. Rfd1 Nc5 24. Nb1 Nfe4 25. Rxc4 Rd8 26. Rd4 Rxd4 27.
exd4 Nxa4 28. Be3 a5 29. Kf1 Nb6 30. Nfd2 Nxd2+ 31. Nxd2 a4 32. Ra1 a3 33. Nb1
Nc4 34. Bc1 Rb3 35. Ke2 g6 36. Nd2 Nxd2 37. Bxd2 f6 38. Kd1 Rd3 39. Kc2 Rxd4 40.
Bc1 Re4 41. Ra2 Rg4 42. g3 Rc4+ 43. Kb1 Rc3 44. Bd2 Rc7 45. Bc1 Ra7 46. Re2 g5
47. Ka2 g4 48. Re4 h5 49. Re3 Kf7 50. f3 Rc7 51. Bxa3 Ra7 52. f4 f5 53. Kb2
Bxa3+ 54. Rxa3 Rxa3 55. Kxa3 Ke6 56. Kb4 Kd5 57. Kb5 Ke4 58. Kc5 Kf3 59. Kd5 Kg2
60. Ke5 Kxh2 61. Kxf5 h4 62. gxh4 g3 63. Ke6 g2 64. f5 g1=Q 65. f6 Qg4+ 66. Ke7
Qxh4 67. Ke6 Kg3 68. f7 Qd8 0-1